01307cam a22003015a 45000010009000000050017000090080041000260200018000670400033000850820021001182450087001392500042002262600036002683000034003045040051003386500037003896500046004266510010004726530018004827000047005007000043005478560106005908560091006968560092007879420008008799990017008879520101009041562787720180508121826.0090217t2008 gw a frb 001 0 eng d a9783527406050 aDLCcDLCdDLCdEG-ScBUEbeng04222a003.857bHAN00aHandbook of chaos control /cedited by Eckehard Schöll and Heinz Georg Schuster. a2nd, completely rev. and enlarged ed. aWeinheim :bWiley-VCH,cc.2008. axxx, 819 p. :bill. ;c25 cm. aIncludes bibliographical references and index. 7aNonlinear control theory.2BUEsh 7aChaotic behavior in systems.2BUEsh96065 2BUEsh bGGENcMay20181 a Schöll, E.q(Eckehard),d1951-eeditor.1 aSchuster, Heinz Georg,d1943-eeditor.423Contributor biographical informationuhttp://www.loc.gov/catdir/enhancements/fy0905/2009285549-b.html423Publisher descriptionuhttp://www.loc.gov/catdir/enhancements/fy0905/2009285549-d.html413Table of contents onlyuhttp://www.loc.gov/catdir/enhancements/fy0905/2009285549-t.html 2ddc c26663d26635 00102ddc4070aMAINbMAINcLOWd2018-05-08l0o003.857 HANp000047717r2025-07-15 00:00:00yBB